|
|
|
|
| LEADER |
01046nam a2200241 a 4500 |
| 001 |
7507986 |
| 008 |
100412s1961 bg 000 0 eng d |
| 010 |
|
|
|a \\\63003349
|
| 040 |
|
|
|a DLC
|c CarP
|d DLC
|d BD-DhAAL
|
| 082 |
0 |
0 |
|a 346.549204/32
|2 16
|
| 100 |
1 |
|
|a Kabir, Lutful.
|
| 245 |
1 |
0 |
|a Land laws in East Pakistan /
|c by Lutful Kabir.
|
| 260 |
|
|
|a Dhaka :
|b Mrs. L. N. Chowdhurany,
|c 1961]-69.
|
| 300 |
|
|
|a ix, 188 p. ;
|c 22 cm.
|
| 362 |
0 |
|
|a Vol. 1
|
| 541 |
1 |
|
|e 00014702
|
| 650 |
|
0 |
|a Land tenure
|x Law and legislation
|z Bangladesh.
|
| 710 |
1 |
|
|a East Pakistan.
|k Laws, statutes, etc. [from old catalog]
|
| 852 |
4 |
|
|a Ayesha Abed Library
|j General Shelf
|
| 942 |
0 |
0 |
|0 1
|
| 999 |
|
|
|c 8065
|d 8065
|
| 952 |
|
|
|0 0
|1 0
|2 ddc
|4 0
|6 346_549204320000000_KAB_1961
|7 0
|9 9173
|a BRACUL
|b BRACUL
|c GEN
|d 2010-04-12
|l 9
|m 48
|o 346.54920432 KAB
|p 3010014702
|q 2026-06-02
|r 2025-09-13
|s 2025-09-13
|t 1
|w 2010-04-12
|y BK
|
| 952 |
|
|
|0 0
|1 0
|2 ddc
|4 0
|6 346_549204320000000_KAB_1961
|7 0
|9 9546
|a BRACUL
|b BRACUL
|c GEN
|d 2010-04-28
|l 7
|m 9
|o 346.54920432 KAB
|p 3010014703
|r 2015-10-21
|s 2015-10-07
|t 2
|w 2010-04-28
|y BK
|